000 00598nam a2200193 a 4500
001 38594
003 BD-RjUL
005 20211209052827.0
008 160118b bg ||||| |||| 00| 0 ben d
035 _a(BD-RjUL)38702
040 _aBD-RjUL
_beng
082 _223
_a079.5492
_bSAG
245 _aদৈনিক সংগ্রাম
_cআখতার ফারুক
260 _aঢাকা :
_bমোহাম্মদ সাখি মিয়া,
300 _a8p.
650 _aDaily Newspapaer
_zBangladesh
_9119093
700 _aফারুক, আখতার
_9119094
942 _2ddc
_cNP
999 _c38594
_d38594